|
|
|
|
| LEADER |
00000nab a2200000 a 4500 |
| 001 |
vtls010729394 |
| 003 |
SK-MaSNL |
| 005 |
20260304193804.0 |
| 008 |
250709s1951 xo |||||||||||||||||slo| |
| 035 |
|
|
|a (urnnbn)urn:nbn:sk:snk:ar-a0553k
|
| 035 |
|
|
|a (uuid)b933a420-0db5-4f50-9dd5-9ff065a2d481
|
| 035 |
|
|
|a urn:nbn:sk:snk-ab3seq
|
| 040 |
|
|
|a SNKBUCL
|b slo
|c SNKBUCL
|e AACR2
|
| 041 |
0 |
|
|a slo
|
| 044 |
|
|
|a xo
|c SK
|
| 100 |
1 |
|
|a Polony, V.
|4 aut
|9 1528011
|
| 245 |
1 |
0 |
|a Krátka praktická kazuistika luesu
|c V. Polony
|
| 773 |
0 |
|
|t Slovenský lekár
|g Roč. 13, č. 12 (1951), s. 551-552
|
| 850 |
|
|
|a Slovenská národná knižnica
|
| 852 |
|
|
|a Slovenská národná knižnica
|
| 954 |
|
|
|a odborná, vedecká literatúra pôvodná (slovenská)
|2 lita
|
| 958 |
|
|
|a article1
|
| 958 |
|
|
|a OND
|
| 958 |
|
|
|a EUIPO
|
| 999 |
|
|
|c 3069310
|d 3071240
|